000 00261nam a22001097a 4500
008 170110b xxu||||| |||| 00| 0 eng d
020 _a9781933107547
041 _aeng
080 _24TH
_a618.2
245 _aCOMMUNITY HEALTH- SPECIALTY
_cPLATT, D
942 _2udc
_cBK
999 _c2645
_d2645